000 00667nam a2200241Ia 4500
001 2980
003 GE_BSU
008 181216s||||||||xx |||||||||||||| ||und||
020 _a5862256601
040 _cGE_BSU
080 _a336.6(075.8)
100 _aА.Д. Шереметб Р.С. Сайфулин
245 _aФинансы предприятия
245 _bУчебное пособие
245 _cА.Д. Шереметб Р.С. Сайфулин
260 _aМосква
260 _bИНФРА-М
260 _c1998
300 _a343 с. 20 см.
541 _h6л. 30 т.
653 _aФинансы предприятия
942 _cBK
999 _c37026
_d37026